000 00950cam a2200265 i 4500
999 _c30965
_d30965
001 20649806
005 20210309091450.0
008 180829s2018 ke b 000 0 eng
010 _a 2018354555
020 _a9789966028815
040 _aDLC
_beng
_erda
_cDLC
042 _alcode
_apcc
043 _af-ke---
050 0 0 _aHQ1236.5.K4
_bW44 2018
245 0 0 _aWhere women are :
_bgender & the 2017 Kenyan elections /
_cedited by: Nanjala Nyabola, Marie-Emmanuelle Pommerolle.
260 _aNairobi :
_bTwaweza Communications LTD
_c2017
300 _a208 pages ;
_c21 cm
504 _aIncludes bibliographical references.
650 0 _aWomen
_xPolitical activity
_zKenya.
700 1 _aNyabola, Nanjala,
_eeditor.
700 1 _aPommerolle, Marie-Emmanuelle,
_eeditor.
906 _a7
_bcbc
_clcode
_d3
_encip
_f20
_gy-gencatlg
942 _2lcc
_cBOOKS
_hHQ1236.5.K4W44 2018